| 000 | 00786nam a2200193 a 4500 | ||
|---|---|---|---|
| 003 | 0 | ||
| 005 | 20250307100922.0 | ||
| 008 | 101013s19uu xx 00 eng d | ||
| 050 |
_aPHS DS 682.4 _b.B85 2010 |
||
| 100 | _aBugayon, Matthew James. | ||
| 245 |
_aThe implementation and effectiveness of the benevolent assimilation policy in the Philippines by the United States of America / _cMatthew James Bugayon. |
||
| 260 |
_aLas PiƱas City, Philippines : _bSouthville International School and Colleges, _c2010. |
||
| 300 |
_a25 pages ; _c30 cm. |
||
| 504 | _aIncludes bibliographical references. | ||
| 650 | _aBenevolent Assimilation Policy (United States). | ||
| 650 |
_aAmericanization _zPhilippines _xHistory. |
||
| 650 |
_aImperialism _zUnited States _xHistory. |
||
| 942 |
_2lcc _cPASS |
||
| 999 |
_c98459 _d98459 |
||